More Beautiful World Our Hearts Know is Possible (Record no. 445)

MARC details
000 -LEADER
fixed length control field 00322nam a2200121Ia 4500
008 - FIXED-LENGTH DATA ELEMENTS--GENERAL INFORMATION
fixed length control field 191201s2015 xx 000 0 und d
100 ## - MAIN ENTRY--PERSONAL NAME
Personal name EISENSTEIN,Charles
245 #0 - TITLE STATEMENT
Title More Beautiful World Our Hearts Know is Possible
260 ## - PUBLICATION, DISTRIBUTION, ETC. (IMPRINT)
Place of publication, distribution, etc N. Delhi
Name of publisher, distributor, etc Banyan Tree
Date of publication, distribution, etc 2015
300 ## - PHYSICAL DESCRIPTION
Extent 276
650 ## - SUBJECT ADDED ENTRY--TOPICAL TERM
Topical term or geographic name as entry element General Books
942 ## - ADDED ENTRY ELEMENTS (KOHA)
Source of classification or shelving scheme Dewey Decimal Classification
Koha item type Text Books
Holdings
Withdrawn status Lost status Source of classification or shelving scheme Damaged status Not for loan Collection code Home library Current library Date acquired Source of acquisition Cost, normal purchase price Bill Number Total Checkouts Full call number Acc. no. / Barcode Date last seen Date last borrowed Bill Date Koha item type Public note
    Dewey Decimal Classification     GENERAL PIET C-LIBRARY PIET C-LIBRARY 03/10/2016 Donated by M.L.Sharma 350.00 Donated by M.L.Sharma 1 303.49 EIM 28254 08/02/2025 28/01/2025 09/03/2016 Text Books Donated by M.L.Sharma Motivational

Design & Developed by: PIET Central Library
R70 Miles Stone Pattikalyana Samalkha Panipat 132102
mail ID :- [email protected], Phone No:- 0180-2569700 Ex.216